A history of colonial Brazil, 1500-1792 /

Bibliographic Details
Main Author: Diffie, Bailey W. (Bailey Wallys), 1902-1983
Other Authors: Perkins, Edwin J.
Format: Book
Language:English
Published: Malabar, Fla. : R.E. Krieger Pub. Co., 1987.
Edition:Original ed.
Subjects:

MARC

Tag First Indicator Second Indicator Subfields
LEADER 00000cam a2200000 a 4500
001 in00000009136
005 20151007051500.0
008 851016s1987 flua b 00110 eng
010 |a  85025605  
020 |a 089874685X 
020 |a 0894642146 (pbk.) 
035 |a (OCoLC)12809916 
035 |9 AAA3211AM 
040 |a DLC  |c DLC  |d TXA  |d UtOrBLW 
043 |a s-bl--- 
049 |a TXAM  |c [A12628730] 
050 0 0 |a F2524  |b .D53 1987 
082 0 |a 981  |2 19 
100 1 |a Diffie, Bailey W.  |q (Bailey Wallys),  |d 1902-1983. 
245 1 2 |a A history of colonial Brazil, 1500-1792 /  |c by Bailey W. Diffie ; compiled with the editorial assistance of Edwin J. Perkins. 
250 |a Original ed. 
264 1 |a Malabar, Fla. :  |b R.E. Krieger Pub. Co.,  |c 1987. 
300 |a xvii, 515 pages :  |b illustrations ;  |c 24 cm. 
336 |a text  |b txt  |2 rdacontent 
337 |a unmediated  |b n  |2 rdamedia 
338 |a volume  |b nc  |2 rdacarrier 
504 |a Bibliography: pages [479]-499. 
500 |a Includes index. 
651 0 |a Brazil  |x History  |y To 1822. 
700 1 |a Perkins, Edwin J. 
999 |a MARS 
999 f f |s f02e1d5d-c1d9-3be5-af5c-f973b29a8c53  |i 42d3bbe1-63f3-3b83-8925-36664f8f9280  |t 0 
952 f f |p ric  |a Texas A&M University  |b Rellis Campus  |c Joint Library Facility  |d Remote Storage  |t 0  |e F2524 .D53 1987  |h Library of Congress classification  |i unmediated -- volume  |m A14812628730 
998 f f |a F2524 .D53 1987  |t 0  |l Remote Storage